National Anthem of Singapore (English) - Onward Singapore - Statistics

General Stats
  • This quiz has been taken 3 times
  • The average score is 16 of 52
Answer Stats
Lyrics % Correct
Singapore
100%
Singapore
100%
Singapore
100%
Singapore
100%
Singapore
100%
a
67%
a
67%
In
67%
In
67%
as
33%
as
33%
Come,
33%
Come,
33%
Come,
33%
fellow
33%
Let
33%
let
33%
Let
33%
let
33%
Let
33%
May
33%
one
33%
one
33%
Onward
33%
Onward
33%
Onward
33%
Onward
33%
our
33%
our
33%
our
33%
Singaporeans
33%
together
33%
us
33%
us
33%
us
33%
aspiration
0%
bring
0%
happiness
0%
new
0%
new
0%
noble
0%
progess
0%
soar
0%
soar
0%
spirit
0%
spirit
0%
success
0%
towards
0%
unite
0%
unite
0%
voices
0%
voices
0%
No matching quizzes found
Score Distribution
Percent of People with Each Score
Percentile by Number Answered
Your Score History
You have not taken this quiz